| 000 | 00586nam a22001937a 4500 | ||
|---|---|---|---|
| 003 | OSt | ||
| 005 | 20140310183015.0 | ||
| 008 | 130212t xxu||||| |||| 00| 0 eng d | ||
| 020 | _a9718686274 | ||
| 050 |
_aHV 6306.P5 _b.B465 2000 |
||
| 245 |
_aBetrayals of the public trust : _binvestigative reports on corruption / _cedited by Sheila S. Coronel. |
||
| 260 |
_aQuezon City : _bPhilippine Center for Investigative Journalism, _c2000. |
||
| 300 |
_axii, 306 p. : _c26 cm. _bill. ; |
||
| 521 | _aMC | ||
| 526 | _c1210L-1700L | ||
| 562 | _e1 | ||
| 942 |
_2lcc _cBK _kLOC |
||
| 999 |
_c18297 _d18297 |
||